Petit Larousse
Salvato in:
| Natura: | Libro |
|---|---|
| Lingua: | Undetermined |
| Pubblicazione: |
Paris
Larousse
1966
|
| Soggetti: | |
| Tags: |
Aggiungi Tag
Nessun Tag, puoi essere il primo ad aggiungerne! !
|
| Thư viện lưu trữ: | Trung tâm Học liệu Trường Đại học Cần Thơ |
|---|
| LEADER | 00407nam a2200169Ia 4500 | ||
|---|---|---|---|
| 001 | CTU_924 | ||
| 008 | 210402s9999 xx 000 0 und d | ||
| 082 | |a 443 | ||
| 082 | |b P489 | ||
| 245 | 0 | |a Petit Larousse | |
| 260 | |a Paris | ||
| 260 | |b Larousse | ||
| 260 | |c 1966 | ||
| 650 | |a french language | ||
| 650 | |x dictonảiế | ||
| 904 | |i Minh | ||
| 980 | |a Trung tâm Học liệu Trường Đại học Cần Thơ | ||